| 000 | 01073nam a22003017a 4500 | ||
|---|---|---|---|
| 001 | 9767 | ||
| 003 | FISKH | ||
| 005 | 20260212151456.0 | ||
| 008 | 260212b cb ||||| |||| 00| 0 eng d | ||
| 020 | _a9780934140461 | ||
| 040 |
_aFISKH _beng _cFISKH _dFISKH |
||
| 050 | _aRA777 .R53 | ||
| 082 | _a613.0432 | ||
| 100 |
_aRice , Judith _eAuthor |
||
| 245 |
_aThose mean nasty dirty downright disgusting but--invisible germs / _cBy Judith Rice : Illustrated by Reed Merrill |
||
| 260 |
_aMinnesota : _bRedleaf Press , _c1989. |
||
| 300 |
_a32 unnumbered pages : _bcolor illustrations ; _c21 X 21 cm . |
||
| 505 | _aJ | ||
| 520 | _aA little girl, who accumulates germs on her hands during her busy day, defeats them by washing her hands before meals. | ||
| 521 | 8 |
_a500
_bLexile estimate |
|
| 521 | 8 |
_aJ
_bRaz-Plus |
|
| 650 |
_aChildren-Health and hygiene _vJuvenile Literature |
||
| 650 |
_aBacteria _vJuvenile Literature |
||
| 650 |
_aViruses _vViruses |
||
| 700 |
_aMerrill , Reed _eIllustrator |
||
| 942 |
_2ddc _cBK _n0 |
||
| 999 |
_c9767 _d9767 |
||